Statistiken für Fußball: Alle deutschen Nationalspieler von Schalke 04 ab 2000

Klicken Sie hier um das Quiz zu spielen!

Allgemein

  • Dieses Quiz wurde 205 mal gespielt
    (165 seit der letzten Aktualisierung)
  • Das Durchschnittsergebnis liegt bei 10 aus 20

Antwortstatistiken

DebütAnzahl
Länderspiele
insgesamt
Pos.Spieler% Korrekt
2009117TWManuel Neuer
92%
201144AWBenedikt Höwedes
91%
201258MFJulian Draxler
87%
201558MF/STLeroy Sane
73%
201456MFLeon Goretzka
66%
20144MFMax Meyer
62%
200143STGerald Asamoah
60%
20024TWFrank Rost
54%
2003*52STKevin Kuranyi
53%
2014*29MFSebastian Rudy
44%
20181STMark Uth
40%
20194MFSuat Serdar
40%
200827AWHeiko Westermann
33%
20072AWChristian Pander
30%
2002*24MFFabian Ernst
26%
200110MFJörg Böhme
26%
200512STMike Hanke
25%
2008**3MFJermaine Jones
21%
2010*3MFLewis Holtby
21%
2012**2MFRoman Neustädter
21%

Verteilung der Resultate

Perzentil nach korrekt beantworteten Fragen

Anzahl Personen mit jedem Resultat

Ihre Resultats-Entwicklung

Sie haben dieses Quiz seit der letzten Aktualisierung nicht gespielt